[Event "AUT chT"]
[Site "2. Bundesliga Mitte 2003/04"]
[Date "2003.??.??"]
[Round "3"]
[White "Nickl, Klaus"]
[Black "Bawart, Markus"]
[Result "0-1"]
[WhiteElo "2200"]
[BlackElo "2346"]
[PlyCount "78"]
[EventDate "2003.??.??"]

1. d4 Nf6 2. Nf3 e6 3. e3 b6 4. Bd3 Bb7 5. Nbd2 d6 6. O-O c5 7. b3 Be7 8. Bb2
O-O 9. c4 Nc6 10. Rc1 Qc7 11. Re1 Rfe8 12. Bb1 a5 13. Nf1 Bf8 14. Ng3 e5 15.
dxc5 dxc5 16. Ne4 Nxe4 17. Bxe4 Rad8 18. Qe2 Nb4 19. Bxb7 Qxb7 20. Nxe5 Nxa2
21. Rcd1 Nb4 22. Nd3 Qc6 23. Nxb4 cxb4 24. Qf3 Qg6 25. Rxd8 Rxd8 26. Rd1 Rc8
27. e4 a4 28. bxa4 Rxc4 29. Bd4 Qc6 30. h4 h6 31. Qb3 Qe6 32. Qd3 Bc5 33. Bxc5
bxc5 34. Qd8+ Kh7 35. f3 b3 36. Qd3 Rd4 37. Qb1 Rxd1+ 38. Qxd1 Qc4 39. Qd7 Qd4+
0-1

[Event "AUT chT"]
[Site "2. Bundesliga Mitte 2003/04"]
[Date "2003.??.??"]
[Round "3"]
[White "Pavasovic, Dusko"]
[Black "Janz, Frerik"]
[Result "1/2-1/2"]
[WhiteElo "2596"]
[BlackElo "2394"]
[PlyCount "113"]
[EventDate "2003.??.??"]

1. e4 c5 2. c3 d5 3. exd5 Qxd5 4. d4 Nf6 5. Nf3 e6 6. Be3 Nbd7 7. Be2 Be7 8.
O-O O-O 9. c4 Qc6 10. Nc3 a6 11. h3 Rd8 12. Qc2 Qc7 13. Rad1 b6 14. d5 exd5 15.
Ng5 Bb7 16. cxd5 Bd6 17. a4 Bf4 18. Bc4 Bh2+ 19. Kh1 Bd6 20. Nge4 Nxe4 21. Nxe4
Re8 22. Rfe1 h6 23. Nxd6 Qxd6 24. Qf5 Re5 25. Bf4 Rxf5 26. Bxd6 Nf6 27. Re5
Rxf2 28. Re7 Bxd5 29. Bxd5 Nxd5 30. Rxd5 Rd8 31. Rc7 Rxb2 32. Rc6 a5 33. Re5
Rd7 34. Re4 Rb3 35. Kh2 f6 36. Bc7 b5 37. axb5 Rxb5 38. Rc4 Rb4 39. R6xc5 Rxc4
40. Rxc4 a4 41. Bb6 Rb7 42. Rc8+ Kf7 43. Rc7+ Rxc7 44. Bxc7 a3 45. Ba5 g5 46.
Kg3 a2 47. Bc3 f5 48. Kf3 Kg6 49. Ba1 Kh5 50. g3 Kg6 51. Ke3 Kh5 52. Bc3 Kg6
53. Kd4 Kh5 54. Ke3 Kg6 55. Be5 Kh5 56. Ba1 Kg6 57. Bc3 1/2-1/2

[Event "AUT chT"]
[Site "2. Bundesliga Mitte 2003/04"]
[Date "2003.??.??"]
[Round "3"]
[White "Pesorda, Ivan"]
[Black "Woeber, Friedrich"]
[Result "1/2-1/2"]
[WhiteElo "2234"]
[BlackElo "2197"]
[PlyCount "71"]
[EventDate "2003.??.??"]

1. d4 d5 2. c4 e6 3. Nc3 Nf6 4. Bg5 Be7 5. e3 O-O 6. Rc1 Nbd7 7. Nf3 c6 8. Bd3
dxc4 9. Bxc4 Nd5 10. Bxe7 Qxe7 11. O-O Nxc3 12. Rxc3 e5 13. dxe5 Nxe5 14. Nxe5
Qxe5 15. f4 Qe4 16. Qe2 Bf5 17. Bd3 Qd5 18. e4 Qd4+ 19. Qf2 Qxf2+ 20. Kxf2 Bd7
21. Rd1 Rfd8 22. Ba6 bxa6 23. Rcd3 Rab8 24. Rxd7 Rxb2+ 25. Ke3 Rxd7 26. Rxd7
Kf8 27. Rd2 Rxd2 28. Kxd2 Ke7 29. Kc3 Kd6 30. Kc4 f6 31. Kd4 h5 32. h4 a5 33.
Kc4 Ke6 34. Kc5 Kd7 35. a3 Kc7 36. Kd4 1/2-1/2

[Event "AUT chT"]
[Site "2. Bundesliga Mitte 2003/04"]
[Date "2003.??.??"]
[Round "3"]
[White "Pfaffel, Thomas"]
[Black "Petroczi, Thomas"]
[Result "1/2-1/2"]
[WhiteElo "2126"]
[BlackElo "2164"]
[PlyCount "51"]
[EventDate "2003.??.??"]

1. e4 c6 2. d4 d5 3. e5 Bf5 4. Nf3 e6 5. Be2 c5 6. Be3 Qb6 7. c4 Qxb2 8. Nbd2
Nc6 9. cxd5 exd5 10. dxc5 d4 11. Nc4 Qb4+ 12. Bd2 Qxc5 13. Rc1 Qd5 14. Qa4 Bc5
15. Na5 Bd7 16. Nxb7 Be7 17. Qc4 Qxc4 18. Bxc4 Rb8 19. Na5 Nxa5 20. Bxa5 Bb4+
21. Bxb4 Rxb4 22. Nxd4 Ne7 23. O-O O-O 24. Rfe1 Rc8 25. e6 Rbxc4 26. exd7
1/2-1/2

[Event "AUT chT"]
[Site "2. Bundesliga Mitte 2003/04"]
[Date "2003.??.??"]
[Round "3"]
[White "Ragger, Markus"]
[Black "Kranzl, Peter"]
[Result "1/2-1/2"]
[WhiteElo "2347"]
[BlackElo "2246"]
[PlyCount "37"]
[EventDate "2003.??.??"]

1. e4 c6 2. d4 d5 3. e5 Bf5 4. c4 e6 5. Nc3 Nd7 6. cxd5 cxd5 7. Nge2 a6 8. Ng3
Bg6 9. h4 h5 10. Bg5 Qb6 11. Qd2 Ne7 12. Be2 Nc6 13. Be3 Bb4 14. f4 Ne7 15. a3
Bxc3 16. bxc3 Rc8 17. O-O Qa5 18. Rfc1 Nb6 19. Qb2 1/2-1/2

[Event "AUT chT"]
[Site "2. Bundesliga Mitte 2003/04"]
[Date "2003.??.??"]
[Round "3"]
[White "Rogic, Davor"]
[Black "Pflug, Matthias"]
[Result "1-0"]
[WhiteElo "2461"]
[BlackElo "2236"]
[PlyCount "73"]
[EventDate "2003.??.??"]

1. e4 c5 2. Nf3 d6 3. d4 cxd4 4. Nxd4 Nf6 5. Nc3 a6 6. Be2 e5 7. Nb3 Be7 8. Bg5
Be6 9. Bxf6 Bxf6 10. Qd3 Be7 11. Rd1 Nd7 12. Nd5 Bxd5 13. Qxd5 Qc7 14. c3 Nb6
15. Qd2 Rd8 16. Bf3 d5 17. exd5 f5 18. O-O e4 19. Bh5+ g6 20. Be2 Nxd5 21. Qd4
Rf8 22. Qa4+ Qd7 23. Qa5 Qc6 24. Nd4 Qb6 25. Qa4+ Kf7 26. Bc4 Kg7 27. Ne2 Qc5
28. Bxd5 Rxd5 29. Nf4 Re5 30. Rd7 g5 31. Ne2 b5 32. Qxa6 Rf7 33. Nd4 Rf6 34.
Qb7 Kf7 35. Rc7 Qb6 36. Nc6 Qxb7 37. Nxe5+ 1-0

[Event "AUT chT"]
[Site "2. Bundesliga Mitte 2003/04"]
[Date "2003.??.??"]
[Round "3"]
[White "Rolletschek, Heinrich"]
[Black "Schnider, Gert"]
[Result "1-0"]
[WhiteElo "2309"]
[BlackElo "2213"]
[PlyCount "54"]
[EventDate "2003.??.??"]

1. e4 c5 2. Nf3 d6 3. d4 cxd4 4. Qxd4 Nc6 5. Bb5 Bd7 6. Bxc6 Bxc6 7. c4 f5 8.
Nbd2 fxe4 9. Nxe4 Nf6 10. Nfd2 e5 11. Qd3 Qd7 12. O-O Be7 13. Nc3 O-O 14. Nde4
Nxe4 15. Nxe4 Qf5 16. f3 Rad8 17. Be3 a6 18. Bb6 Rd7 19. Rad1 Bd8 20. Bxd8
Rfxd8 21. Nc3 Qxd3 22. Rxd3 Kf7 23. Kf2 Ke6 24. Ke3 b5 25. cxb5 axb5 26. Ne4
Ra7 27. a3 d5 1-0

[Event "AUT chT"]
[Site "2. Bundesliga Mitte 2003/04"]
[Date "2003.??.??"]
[Round "3"]
[White "Sandhoefner, Florian"]
[Black "Stoll, Thomas"]
[Result "1/2-1/2"]
[WhiteElo "2247"]
[BlackElo "2231"]
[PlyCount "59"]
[EventDate "2003.??.??"]

1. e4 c5 2. Nf3 e6 3. c4 d6 4. d4 cxd4 5. Nxd4 Nf6 6. Nc3 Be7 7. Be2 a6 8. O-O
O-O 9. b3 Qc7 10. Bb2 b6 11. f4 Bb7 12. Bf3 Nc6 13. Kh1 Rfe8 14. Rc1 Rac8 15.
Nd5 Qd8 16. Nxe7+ Qxe7 17. Qe2 Nd7 18. Nc2 Nc5 19. Rcd1 Rcd8 20. Ba1 Qc7 21.
Ne3 Ne7 22. Ng4 Ng6 23. Qe3 a5 24. e5 dxe5 25. Nxe5 Bxf3 26. Qxf3 f6 27. Nxg6
hxg6 28. g3 Rxd1 29. Rxd1 Rd8 30. Kg1 1/2-1/2

[Event "AUT chT"]
[Site "2. Bundesliga Mitte 2003/04"]
[Date "2003.??.??"]
[Round "3"]
[White "Schein, Karl Heinz"]
[Black "Aschenbrenner, Robert"]
[Result "1/2-1/2"]
[WhiteElo "2259"]
[BlackElo "2229"]
[PlyCount "62"]
[EventDate "2003.??.??"]

1. e4 e6 2. d4 b6 3. Bd3 Bb7 4. Nf3 c5 5. O-O cxd4 6. Nxd4 Nc6 7. Nxc6 Bxc6 8.
Nc3 Nf6 9. Bg5 h6 10. Bh4 Be7 11. f4 Nxe4 12. Nxe4 Bxh4 13. Nd6+ Ke7 14. Bc4
Bf6 15. Qd3 a6 16. Rad1 b5 17. Bb3 Qb6+ 18. Kh1 Rad8 19. f5 h5 20. Qe2 h4 21.
h3 Qc7 22. Nxf7 Kxf7 23. fxe6+ dxe6 24. Qxe6+ Kg6 25. c3 Rxd1 26. Rxd1 Bxg2+
27. Kxg2 Qg3+ 28. Kh1 Qf3+ 29. Kh2 Qf2+ 30. Kh1 Qf3+ 31. Kh2 Qf2+ 1/2-1/2

[Event "AUT chT"]
[Site "2. Bundesliga Mitte 2003/04"]
[Date "2003.??.??"]
[Round "3"]
[White "Shapiro, Boris"]
[Black "Tratar, Marko"]
[Result "1/2-1/2"]
[WhiteElo "2455"]
[BlackElo "2455"]
[PlyCount "88"]
[EventDate "2003.??.??"]

1. d4 Nf6 2. Nf3 d6 3. Bf4 g6 4. Nbd2 Nh5 5. Bg5 h6 6. Bh4 g5 7. Bg3 Bg7 8. c3
Nd7 9. e4 e6 10. Be2 Qe7 11. O-O O-O 12. Ne1 Nxg3 13. hxg3 f5 14. exf5 exf5 15.
Bc4+ Kh8 16. Nd3 Nb6 17. Bb3 Bd7 18. Re1 Qf6 19. Nc4 Rae8 20. Qd2 Nc8 21. Rxe8
Rxe8 22. Re1 Rxe1+ 23. Qxe1 Ne7 24. Ne3 c6 25. Qe2 Ng6 26. Nf1 Bf8 27. a3 Kg7
28. Qe1 h5 29. Qe2 g4 30. Nf4 Nxf4 31. gxf4 d5 32. Bc2 Bd6 33. g3 Qe7 34. Ne3
Qf6 35. Qd3 Kg6 36. Ng2 Qe6 37. Nh4+ Kf6 38. Qd2 Qe7 39. Bd3 Be6 40. Kg2 Qd7
41. Qe2 Qc8 42. Kg1 Qd7 43. Kg2 Qc8 44. Kg1 Qd7 1/2-1/2

[Event "AUT chT"]
[Site "2. Bundesliga Mitte 2003/04"]
[Date "2003.??.??"]
[Round "3"]
[White "Smole, Albert"]
[Black "Testor, Sebastian"]
[Result "1-0"]
[WhiteElo "2173"]
[BlackElo "2158"]
[PlyCount "103"]
[EventDate "2003.??.??"]

1. Nf3 Nf6 2. g3 b5 3. Bg2 Bb7 4. O-O e6 5. b3 c5 6. c4 a6 7. Bb2 Be7 8. d3 O-O
9. Nbd2 Qb6 10. Qc2 Nc6 11. Rac1 d6 12. e3 Nd7 13. d4 Rac8 14. Qb1 cxd4 15.
Nxd4 Nce5 16. Bxb7 Qxb7 17. f4 Ng4 18. Qd3 bxc4 19. Nxc4 d5 20. Na5 Qb6 21.
Ndc6 Bc5 22. Rxc5 Nxc5 23. Qc3 d4 24. Qxd4 e5 25. Ne7+ Kh8 26. Nxc8 Qh6 27. Qd2
Rxc8 28. Rc1 Qb6 29. b4 Nxh2 30. Kxh2 Rd8 31. Bd4 Qh6+ 32. Kg1 Ne4 33. Qg2 exd4
34. Qxe4 d3 35. Qxd3 Re8 36. Rd1 Qh3 37. e4 h5 38. Re1 h4 39. Re3 Rc8 40. Nb3
Qg4 41. Qe2 Qg6 42. Nc5 a5 43. a3 axb4 44. axb4 Ra8 45. Qh2 Ra1+ 46. Kf2 Kg8
47. Qxh4 Qb6 48. Rd3 f6 49. Qh5 Rb1 50. Qe8+ Kh7 51. Rd8 Rb2+ 52. Kf3 1-0

[Event "AUT chT"]
[Site "2. Bundesliga Mitte 2003/04"]
[Date "2003.??.??"]
[Round "3"]
[White "Stadler, Peter"]
[Black "Riedner, Martin"]
[Result "1/2-1/2"]
[WhiteElo "2180"]
[BlackElo "2169"]
[PlyCount "79"]
[EventDate "2003.??.??"]

1. d4 e6 2. g3 f5 3. Bg2 Nf6 4. c4 c6 5. Nc3 d5 6. Nh3 Be7 7. O-O O-O 8. b3 b6
9. Bb2 Qe8 10. f3 c5 11. e3 Ba6 12. Nf4 Bd6 13. dxc5 Bxc5 14. Re1 dxc4 15. Kh1
Nc6 16. bxc4 Rd8 17. Qa4 Na5 18. Nb5 e5 19. Nh3 Bb7 20. Qc2 a6 21. Nc3 Nxc4 22.
Na4 Nxb2 23. Nxc5 bxc5 24. Qxb2 Bd5 25. e4 fxe4 26. fxe4 Ba8 27. Qc2 Rd4 28.
Ng5 h6 29. Nf3 Rxe4 30. Rxe4 Nxe4 31. Kg1 Qh5 32. Qc4+ Kh8 33. Qxa6 Nxg3 34.
hxg3 Bxf3 35. Qd6 Rf6 36. Qxc5 Bxg2 37. Qc8+ Kh7 38. Qc2+ Qf5 39. Qxf5+ Rxf5
40. Kxg2 1/2-1/2

[Event "AUT chT"]
[Site "2. Bundesliga Mitte 2003/04"]
[Date "2003.??.??"]
[Round "3"]
[White "Stuhlik, Marko"]
[Black "Sandner, Wolfgang"]
[Result "0-1"]
[WhiteElo "2286"]
[BlackElo "2245"]
[PlyCount "74"]
[EventDate "2003.??.??"]

1. g3 Nf6 2. Bg2 g6 3. c4 Bg7 4. Nc3 d6 5. d4 O-O 6. Nf3 Nc6 7. O-O a6 8. h3
Rb8 9. Be3 Nd7 10. Qd2 e6 11. Bh6 Bxh6 12. Qxh6 Qf6 13. d5 Nd8 14. Rac1 b6 15.
dxe6 fxe6 16. Rcd1 Ne5 17. Nd2 Bb7 18. Nde4 Qg7 19. Qxg7+ Kxg7 20. b3 h6 21. f4
Nd7 22. e3 Nf7 23. g4 Ba8 24. b4 Nd8 25. Rf2 Nc6 26. a3 a5 27. Nxd6 axb4 28.
axb4 Nxb4 29. Bxa8 Rxa8 30. Ndb5 Nc5 31. Rb2 Nba6 32. Rbd2 Rae8 33. Ra1 Rd8 34.
Rda2 Nb4 35. Ra7 Rf7 36. Nxc7 Nc6 37. Ra8 Rxc7 0-1

[Event "AUT chT"]
[Site "2. Bundesliga Mitte 2003/04"]
[Date "2003.??.??"]
[Round "3"]
[White "Tompa, Janos"]
[Black "Grosar, Aljosa"]
[Result "1/2-1/2"]
[WhiteElo "2397"]
[BlackElo "2459"]
[PlyCount "107"]
[EventDate "2003.??.??"]

1. Nf3 Nf6 2. g3 c5 3. Bg2 Nc6 4. c4 d5 5. cxd5 Nxd5 6. Nc3 Nc7 7. O-O e5 8. d3
Be7 9. Nd2 Bd7 10. Nc4 f6 11. Nd5 Nxd5 12. Bxd5 Bh3 13. Bxc6+ bxc6 14. Re1 h5
15. e4 Qd7 16. f3 Rd8 17. Be3 Qxd3 18. Qxd3 Rxd3 19. Red1 Rxd1+ 20. Rxd1 Kf7
21. b3 Rb8 22. Kf2 Be6 23. Rc1 Rb5 24. Bd2 Ke8 25. Rc2 Kd7 26. Ke2 g5 27. Rc1
Rb8 28. Be3 g4 29. f4 exf4 30. Bxf4 Re8 31. Rd1+ Kc8 32. Kf2 Rd8 33. Nd6+ Bxd6
34. Rxd6 Rxd6 35. Bxd6 c4 36. bxc4 Bxc4 37. a3 Kd7 38. Bc5 a5 39. Ke3 a4 40.
Kd4 Bb3 41. Bf8 Bc2 42. Bc5 Ke6 43. Bb4 Kf7 44. Bd2 Kg6 45. Bb4 Kf7 46. Bc5 Ke6
47. Bb4 Bd1 48. Bf8 Bf3 49. Bb4 Kd7 50. Bc5 Ke6 51. Bb4 f5 52. exf5+ Kxf5 53.
Bf8 Bd5 54. Be7 1/2-1/2

[Event "AUT chT"]
[Site "2. Bundesliga Mitte 2003/04"]
[Date "2003.??.??"]
[Round "3"]
[White "Uhlmann, Wolfgang"]
[Black "Supancic, Darko"]
[Result "1/2-1/2"]
[WhiteElo "2451"]
[BlackElo "2377"]
[PlyCount "88"]
[EventDate "2003.??.??"]

1. c4 c5 2. Nf3 g6 3. d4 cxd4 4. Nxd4 Nc6 5. e4 Nf6 6. Nc3 Nxd4 7. Qxd4 d6 8.
Be2 Bg7 9. Bg5 O-O 10. Qd2 Be6 11. Rc1 Qa5 12. f3 Rfc8 13. Nd5 Qxd2+ 14. Kxd2
Kf8 15. b3 Nxd5 16. exd5 Bd7 17. Rc2 Bd4 18. h4 e6 19. dxe6 Bxe6 20. h5 d5 21.
Rhc1 dxc4 22. Bxc4 Bxc4 23. Rxc4 Rxc4 24. Rxc4 Bb6 25. Re4 f5 26. Re5 Rc8 27.
Rd5 Ke8 28. Kd3 Rc6 29. a4 Bc7 30. b4 Rd6 31. Kc4 Rxd5 32. Kxd5 Kd7 33. Bf6 a6
34. Be5 Bd8 35. Bc3 Bc7 36. g4 fxg4 37. fxg4 Bd6 38. Be1 Ke7 39. b5 axb5 40.
axb5 Kd7 41. Bc3 Bg3 42. Bd4 Bf4 43. Ke4 Bd6 44. Be5 Be7 1/2-1/2

[Event "AUT chT"]
[Site "2. Bundesliga Mitte 2003/04"]
[Date "2003.??.??"]
[Round "3"]
[White "Wasl, Ernst"]
[Black "Reschun, Sascha"]
[Result "0-1"]
[WhiteElo "2173"]
[BlackElo "2259"]
[PlyCount "130"]
[EventDate "2003.??.??"]

1. d4 d5 2. c4 e5 3. dxe5 d4 4. e4 Nc6 5. f4 g5 6. a3 gxf4 7. Bxf4 Nge7 8. Qh5
Ng6 9. g3 Be6 10. Nd2 Bg7 11. Ngf3 Qd7 12. h3 d3 13. O-O-O O-O-O 14. Kb1 Na5
15. Rc1 Qa4 16. Ng5 Nxc4 17. Nxe6 Nxd2+ 18. Bxd2 fxe6 19. Qg4 Rhe8 20. Rh2 Bxe5
21. Be1 Rd4 22. Qh5 Rd7 23. Qd1 Qb5 24. Rd2 Red8 25. Bf2 b6 26. Ka2 c5 27. Qb3
Qxb3+ 28. Kxb3 Kb7 29. Rcd1 Rc8 30. Kc4 Kc6 31. a4 a6 32. Bxd3 b5+ 33. axb5+
axb5+ 34. Kb3 Rxd3+ 35. Rxd3 c4+ 36. Kc2 cxd3+ 37. Rxd3 Kb7+ 38. Kb3 Rc4 39.
Rd7+ Rc7 40. Rd8 Rf7 41. Be1 Rf1 42. Bd2 Rf7 43. Kb4 Kc6 44. Re8 Bd6+ 45. Kc3
Kd7 46. Ra8 Bc5 47. Ra5 Kc6 48. Ra6+ Bb6 49. Kc2 Ra7 50. Ra3 Rxa3 51. bxa3 Bf2
52. Bf4 e5 53. Bg5 Bxg3 54. Kb3 Bh4 55. Bh6 Be1 56. Be3 Nf4 57. a4 bxa4+ 58.
Kxa4 Nxh3 59. Kb3 Nf2 60. Kc2 Nxe4 61. Kd3 Kd5 62. Ke2 Bf2 63. Bh6 Bh4 64. Kf3
Bg5 65. Bf8 h5 0-1

[Event "AUT chT"]
[Site "2. Bundesliga Mitte 2003/04"]
[Date "2003.??.??"]
[Round "4"]
[White "Aschenbrenner, Robert"]
[Black "Nickl, Klaus"]
[Result "1-0"]
[WhiteElo "2229"]
[BlackElo "2200"]
[PlyCount "63"]
[EventDate "2003.??.??"]

1. d4 d6 2. c4 Nf6 3. Nc3 g6 4. e4 Bg7 5. f4 O-O 6. Nf3 c5 7. d5 e6 8. Be2 exd5
9. cxd5 Re8 10. Nd2 Ng4 11. Bxg4 Qh4+ 12. g3 Qxg4 13. Qxg4 Bxg4 14. Kf2 Bd4+
15. Kg2 Bxc3 16. bxc3 Nd7 17. Re1 Nb6 18. c4 Na4 19. Rb1 Rab8 20. Rb3 f6 21.
Rbe3 a6 22. e5 dxe5 23. fxe5 Rxe5 24. Rxe5 fxe5 25. Rxe5 Bf5 26. Nf3 h5 27. Re7
Kf8 28. d6 Rd8 29. Bh6+ Kg8 30. Rg7+ Kh8 31. Ne5 Rf8 32. d7 1-0

[Event "AUT chT"]
[Site "2. Bundesliga Mitte 2003/04"]
[Date "2003.??.??"]
[Round "4"]
[White "Baumgartner, Heinz"]
[Black "Loebler, Heimo"]
[Result "1/2-1/2"]
[WhiteElo "2347"]
[BlackElo "2216"]
[PlyCount "40"]
[EventDate "2003.??.??"]

1. Nf3 f5 2. g3 Nf6 3. Bg2 g6 4. d4 Bg7 5. c4 O-O 6. O-O d6 7. d5 Qe8 8. Nc3 a5
9. Nd4 Na6 10. Rb1 Bd7 11. b3 c6 12. Bb2 Nc5 13. e3 Rc8 14. a3 g5 15. b4 axb4
16. axb4 Nce4 17. Nxe4 fxe4 18. dxc6 bxc6 19. f3 exf3 20. Bxf3 c5 1/2-1/2

[Event "AUT chT"]
[Site "2. Bundesliga Mitte 2003/04"]
[Date "2003.??.??"]
[Round "4"]
[White "Bawart, Markus"]
[Black "Schein, Karl Heinz"]
[Result "1-0"]
[WhiteElo "2346"]
[BlackElo "2259"]
[PlyCount "53"]
[EventDate "2003.??.??"]

1. Nf3 d6 2. d4 Bg4 3. Nbd2 Nd7 4. h3 Bxf3 5. Nxf3 g6 6. e4 Bg7 7. Bd3 c5 8. c3
Ngf6 9. Be3 O-O 10. O-O Rc8 11. Qd2 c4 12. Bc2 b5 13. Rae1 Qc7 14. Ng5 e5 15.
f4 exd4 16. Bxd4 Nc5 17. Qf2 a5 18. Qh4 h5 19. g4 Ne6 20. e5 Nxd4 21. cxd4 Qb6
22. exf6 Qxd4+ 23. Rf2 Bxf6 24. gxh5 Kg7 25. hxg6 Rh8 26. Qg4 Rce8 27. Rd1 1-0

[Event "AUT chT"]
[Site "2. Bundesliga Mitte 2003/04"]
[Date "2003.??.??"]
[Round "4"]
[White "Eichhorn, Alfred"]
[Black "Grafenberger, Dieter"]
[Result "1-0"]
[WhiteElo "2102"]
[BlackElo "1868"]
[PlyCount "115"]
[EventDate "2003.??.??"]

1. e4 e5 2. Nf3 d6 3. c3 Nf6 4. Qc2 Be7 5. d4 Nbd7 6. Bd3 O-O 7. O-O c6 8. h3
Qc7 9. Nh4 Re8 10. g4 Nf8 11. dxe5 dxe5 12. Nf5 Bxf5 13. exf5 Bc5 14. Nd2 e4
15. Nxe4 Nxe4 16. Bxe4 Qe5 17. Bg2 Bd6 18. f4 Bc5+ 19. Kh1 Qe2 20. Qxe2 Rxe2
21. Bf3 Re7 22. Bd2 Rd8 23. Rad1 Red7 24. Bc1 Rd3 25. Kg2 a5 26. Rxd3 Rxd3 27.
Re1 h6 28. Re5 Nd7 29. Re8+ Kh7 30. g5 hxg5 31. fxg5 g6 32. fxg6+ fxg6 33. h4
Kg7 34. Ra8 Ne5 35. Be2 Rd7 36. Rxa5 b6 37. Ra8 Rf7 38. Kg3 Bf2+ 39. Kh3 Be1
40. Re8 Nd7 41. Bc4 Rf3+ 42. Kg4 Rg3+ 43. Kf4 Rg1 44. Re7+ Kf8 45. Rxd7 Bxh4
46. Be3 Bxg5+ 47. Kf3 Bxe3 48. Kxe3 b5 49. Be2 Rb1 50. b3 Rb2 51. Rd2 Rb1 52.
Kd4 Rc1 53. c4 bxc4 54. Bxc4 Re1 55. Kc5 g5 56. Rg2 Re5+ 57. Kxc6 Kg7 58. b4
1-0

[Event "AUT chT"]
[Site "2. Bundesliga Mitte 2003/04"]
[Date "2003.??.??"]
[Round "4"]
[White "Freimueller, Peter"]
[Black "Smole, Albert"]
[Result "1-0"]
[WhiteElo "2154"]
[BlackElo "2173"]
[PlyCount "73"]
[EventDate "2003.??.??"]

1. Nf3 Nf6 2. d4 e6 3. c4 d5 4. Nc3 Be7 5. e3 O-O 6. Bd3 b6 7. O-O Bb7 8. cxd5
exd5 9. Qe2 Nbd7 10. Ne5 c6 11. Bd2 Bd6 12. f4 Re8 13. Qf3 Nf8 14. Rac1 Rc8 15.
g4 N6d7 16. Qh3 g6 17. g5 f6 18. gxf6 Nxf6 19. Be1 Rc7 20. Bh4 Be7 21. Bg5 Bc8
22. f5 Nh5 23. Bh6 Bf6 24. Ng4 Bg5 25. Rce1 Bxh6 26. Nxh6+ Kg7 27. Ng4 Qg5 28.
Kh1 gxf5 29. Ne5 f4 30. Qf3 Kh8 31. exf4 Qh4 32. Ng6+ Nxg6 33. Rxe8+ Kg7 34. f5
Ngf4 35. Rg1+ Kf7 36. Rgg8 Re7 37. Ref8# 1-0

[Event "AUT chT"]
[Site "2. Bundesliga Mitte 2003/04"]
[Date "2003.??.??"]
[Round "4"]
[White "Grosar, Aljosa"]
[Black "Glek, Igor"]
[Result "0-1"]
[WhiteElo "2459"]
[BlackElo "2566"]
[PlyCount "122"]
[EventDate "2003.??.??"]

1. e4 e6 2. d4 d5 3. e5 c5 4. c3 Nc6 5. Nf3 Nge7 6. a3 cxd4 7. cxd4 Nf5 8. Nc3
Bd7 9. b4 Rc8 10. Bb2 Nh4 11. Rc1 Nxf3+ 12. gxf3 Qh4 13. Na4 Be7 14. Nc5 Bxc5
15. dxc5 Qf4 16. Qe2 Nd4 17. Qe3 Qxf3 18. Qxf3 Nxf3+ 19. Ke2 Nh4 20. Kd2 a6 21.
Bd3 Bb5 22. Bc2 Rd8 23. Ke3 d4+ 24. Bxd4 Ng2+ 25. Kf3 Bc6+ 26. Be4 Nh4+ 27. Ke3
Nf5+ 28. Bxf5 Bxh1 29. Bxe6 fxe6 30. Rxh1 Rf8 31. Ke4 Rf7 32. Rc1 Rfd7 33. Rc4
Rd5 34. a4 Kd7 35. b5 axb5 36. axb5 Ra8 37. Rb4 Kc7 38. Be3 Ra3 39. Bd4 Rh3 40.
f4 Rxh2 41. Ra4 Kb8 42. b6 g5 43. c6 bxc6 44. Ra7 Rh4 45. Be3 gxf4 46. Bf2 Rh5
47. Re7 Rhxe5+ 48. Kf3 c5 49. Rxh7 Rd6 50. Kxf4 Rf5+ 51. Ke3 Rxb6 52. Bg3+ Ka8
53. Rc7 Rb3+ 54. Ke4 Rb4+ 55. Ke3 Rd5 56. Bf2 Kb8 57. Rc6 e5 58. Re6 Kc7 59.
Be1 Kd7 60. Rg6 Rb3+ 61. Ke2 c4 0-1

[Event "AUT chT"]
[Site "2. Bundesliga Mitte 2003/04"]
[Date "2003.??.??"]
[Round "4"]
[White "Hebesberger, Thomas"]
[Black "Wasl, Ernst"]
[Result "1-0"]
[WhiteElo "2322"]
[BlackElo "2173"]
[PlyCount "29"]
[EventDate "2003.??.??"]

1. c4 e6 2. g3 d5 3. Bg2 Nf6 4. Nf3 Be7 5. b3 Nbd7 6. Bb2 b6 7. O-O Bb7 8. d4
O-O 9. Nc3 a6 10. Rc1 Bd6 11. Qd2 dxc4 12. bxc4 Ne4 13. Qc2 Nxc3 14. Qxc3 Qe7
15. c5 1-0

[Event "AUT chT"]
[Site "2. Bundesliga Mitte 2003/04"]
[Date "2003.??.??"]
[Round "4"]
[White "Heimberger, Reinhard"]
[Black "Butunoi, Alexandru"]
[Result "0-1"]
[WhiteElo "2301"]
[BlackElo "2412"]
[PlyCount "118"]
[EventDate "2003.??.??"]

1. c4 Nf6 2. Nc3 g6 3. g3 Bg7 4. Bg2 d6 5. e3 O-O 6. Nge2 Nc6 7. O-O e5 8. d4
Bd7 9. d5 Ne7 10. h3 a6 11. b3 Qc8 12. Kh2 h5 13. e4 Nh7 14. Be3 f5 15. exf5
Nxf5 16. Qd2 Rf7 17. Ne4 b6 18. N2c3 Qf8 19. Rae1 Nxe3 20. Qxe3 Bh6 21. Qe2 h4
22. Qd3 Bf5 23. g4 Bf4+ 24. Kg1 Bd7 25. Ne2 Qh6 26. Nxf4 Rxf4 27. Qe3 Raf8 28.
f3 g5 29. Rf2 Nf6 30. Nxf6+ Qxf6 31. Rd2 Be8 32. Red1 Bg6 33. Qc3 a5 34. Re1
Kh7 35. a3 Qf7 36. b4 axb4 37. axb4 Ra8 38. c5 bxc5 39. bxc5 Rfa4 40. cxd6 cxd6
41. Qe3 Kh6 42. Qb6 R4a6 43. Qb4 Qc7 44. Rb2 Ra1 45. Rf1 R8a5 46. Rxa1 Rxa1+
47. Bf1 Qa7+ 48. Kg2 e4 49. fxe4 Qe3 50. Qxd6 Rxf1 51. Kxf1 Qc1+ 52. Ke2 Qxb2+
53. Kd3 Qb1+ 54. Kc3 Qxe4 55. Qf8+ Kh7 56. d6 Qe5+ 57. Kb4 Be8 58. Kc4 Qf4+ 59.
Qxf4 gxf4 0-1

[Event "AUT chT"]
[Site "2. Bundesliga Mitte 2003/04"]
[Date "2003.??.??"]
[Round "4"]
[White "Hellmayr, Alois"]
[Black "Ragger, Markus"]
[Result "0-1"]
[WhiteElo "2256"]
[BlackElo "2347"]
[PlyCount "132"]
[EventDate "2003.??.??"]

1. d4 d5 2. Nf3 c6 3. c3 Bf5 4. Bf4 Nd7 5. e3 Ngf6 6. h3 h6 7. Nbd2 e6 8. Qb3
b5 9. a4 a6 10. Be2 Be7 11. Ne5 Nxe5 12. Bxe5 O-O 13. O-O Nd7 14. Bh2 Qb6 15.
Ra2 b4 16. a5 Qb7 17. c4 c5 18. Bf3 Rac8 19. Raa1 Qa7 20. cxd5 cxd4 21. e4 Nc5
22. Qd1 Bg6 23. d6 Bg5 24. Nb3 Nxb3 25. Qxb3 Qc5 26. Qd3 Rc6 27. Bd1 e5 28. d7
f5 29. Bb3+ Kh8 30. f3 Rd6 31. Ba4 Rdf6 32. Qc2 Qxa5 33. exf5 Bxf5 34. Qe2 Be3+
35. Kh1 Qd5 36. Rfd1 Rd6 37. Bg1 Bxg1 38. Kxg1 d3 39. Qe3 Bxh3 40. Rd2 Bxd7 41.
Bxd7 Rxd7 42. Rxa6 Rc8 43. Ra1 Rc4 44. Re1 b3 45. Red1 e4 46. fxe4 Rxe4 47.
Rxd3 Rxe3 48. Rxd5 Rxd5 49. Rxd5 Re2 50. Rb5 Rxb2 51. Kh2 Kg8 52. Rb7 Kh7 53.
Rb6 h5 54. Kg3 g6 55. Kh3 Rb1 56. Rb5 Kg7 57. Rb6 Kh6 58. Rb5 Kg7 59. Rb6 g5
60. Kg3 Kf7 61. Kh2 h4 62. Kh3 Ke7 63. Kh2 Kd7 64. Rg6 Re1 65. Rb6 Re3 66. Rb5
Rg3 0-1

[Event "AUT chT"]
[Site "2. Bundesliga Mitte 2003/04"]
[Date "2003.??.??"]
[Round "4"]
[White "Janz, Frerik"]
[Black "Rogic, Davor"]
[Result "0-1"]
[WhiteElo "2394"]
[BlackElo "2461"]
[PlyCount "102"]
[EventDate "2003.??.??"]

1. c4 e5 2. Nc3 Nf6 3. Nf3 Nc6 4. d3 Be7 5. e3 O-O 6. Be2 d5 7. cxd5 Nxd5 8.
Bd2 Ndb4 9. Qb1 a5 10. a3 Na6 11. Qc2 Be6 12. Rb1 Qd7 13. O-O Rfd8 14. Rfd1 Bf5
15. Be1 Qe6 16. Ne4 h6 17. Rbc1 Bg6 18. Qc4 Qxc4 19. Rxc4 f6 20. Rdc1 Rd7 21.
g4 Bf7 22. R4c3 Rad8 23. h3 Bd5 24. Nh4 Kf7 25. Nf5 Bf8 26. h4 Na7 27. h5 c5
28. R3c2 Nc6 29. f3 Bb3 30. Rc3 a4 31. Kf2 Na5 32. Rxc5 Nxc5 33. Nxc5 Bxc5 34.
Bxa5 b6 35. Rxc5 bxc5 36. Bxd8 Rxd8 37. Ke1 Bc2 38. Kd2 Bxd3 39. Bxd3 c4 40.
Nd4 cxd3 41. Nc6 Rd6 42. Nb4 g6 43. hxg6+ Kxg6 44. e4 Kg5 45. Nxd3 Kh4 46. Ke2
Kg3 47. Nb4 Rb6 48. Ke3 Rb8 49. Ke2 Rc8 50. Ke3 Rc1 51. Ke2 Rh1 0-1

[Event "AUT chT"]
[Site "2. Bundesliga Mitte 2003/04"]
[Date "2003.??.??"]
[Round "4"]
[White "Manca, Federico"]
[Black "Stohl, Igor"]
[Result "1-0"]
[WhiteElo "2358"]
[BlackElo "2556"]
[PlyCount "67"]
[EventDate "2003.??.??"]

1. e4 c5 2. Nf3 d6 3. d4 cxd4 4. Nxd4 Nf6 5. Nc3 e6 6. Bc4 Be7 7. Be3 O-O 8.
Qe2 a6 9. O-O-O b5 10. Bb3 b4 11. Na4 Qc7 12. f3 Bd7 13. g4 Qa5 14. Nb6 Qxb6
15. Nxe6 Qb5 16. Bc4 Qb7 17. Nxg7 Kxg7 18. g5 Ng4 19. fxg4 Be6 20. Bd4+ Kg8 21.
g6 hxg6 22. Qe3 Bxc4 23. Qh6 Bg5+ 24. Qxg5 Nd7 25. b3 Be2 26. Rd2 Bf3 27. Rf1
Qxe4 28. Rd3 f6 29. Qh6 Ne5 30. Bxe5 fxe5 31. Kb2 Bxg4 32. Rxd6 Rxf1 33. Rxg6+
Kf7 34. Qh7+ 1-0